000
00339nam a2200145Ia 4500
008
240624s9999 xx 000 0 und d
041
_a
eng
082
_a
378.242 OLI
100
_a
OLIVER PAUL
245
_a
WRITING YOUR THESIS
250
_a
(3nd ed.)
260
_c
2013
_a
New Delhi
_b
Sage
300
_a
229 : p. : cm. ; 24
365
_c
RS
999
_c
24432
_d
24432